| 000 | 00568nam 2200169 4500 | ||
|---|---|---|---|
| 001 | 6092 | ||
| 090 | _a6092 | ||
| 100 | _a20190729k u||y0frey50 ba | ||
| 101 | _aspa | ||
| 200 |
_aLa planicicacion de emergencia tras Chernobil _bBrochure _finforme elaborado por la Coordinadora contra Garoña |
||
| 210 |
_a[S.l.] _cCoordinadora contra Garoña _d1989 (15.09) |
||
| 215 |
_a8 f. _d30 cm |
||
| 300 | _aBibliogr. | ||
| 606 |
_96982 _aCentrale de Tchernobyl _yUkraine - URSS |
||
| 606 |
_9648 _aNucléaire (Energie) |
||
| 710 |
_97011 _aCoordinadora contra Garoña |
||
| 801 |
_aCH _bCH-002049-8 |
||